|
|
|
|
| LEADER |
03347nam a22004695i 4500 |
| 001 |
44346 |
| 003 |
BD-DhAAL |
| 005 |
20250429113447.0 |
| 008 |
252429t2023 gw a b 000 0 eng |
| 010 |
|
|
|a 2023505508
|
| 016 |
7 |
|
|a 1258482894
|2 DE-101
|
| 020 |
|
|
|a 9783658382148
|
| 024 |
3 |
|
|a 9783658382148
|
| 035 |
|
|
|a (GyWOH)har220180831
|
| 040 |
|
|
|a DLC
|b eng
|e rda
|c DLC
|d BD-DhAAL
|
| 042 |
|
|
|a pcc
|
| 082 |
|
|
|a 333.79
|2 22
|
| 245 |
0 |
0 |
|a Electricity access, decarbonization, and integration of renewables :
|b insights and lessons from the energy transformation in Bangladesh, South Asia, and Sub-Sahara Africa /
|c Sebastian Groh... [et al], editors.
|
| 260 |
|
|
|a Wiesbaden :
|b Springer VS, Springer Fachmedien Wiesbaden,
|c 2023.
|
| 300 |
|
|
|a xii, 280 pages :
|b color illustrations ;
|c 21 cm
|
| 490 |
0 |
|
|a Energiepolitik und Klimaschutz
|
| 490 |
0 |
|
|a Energy Policy and Climate Protection
|
| 490 |
0 |
|
|a Research (Wiesbaden, Germany)
|
| 504 |
|
|
|a Includes bibliographical references.
|
| 505 |
|
|
|a 1. Electricity Access, Decarbonization, and Integration of Renewables: Insights and Lessons from the Energy Transformation in Bangladesh, South Asia, and Sub-Sahara Africa -- 2. Powering up a country into the middle-income club -- 3. 100% Electrification but What Comes Next for Bangladesh? Lessons from Insiders -- 4. Policy Options while Increasing Share of Renewable Energy: Technology Choices for Peaking Power in the Context of Bangladesh -- 5. Low-carbon energy transformations in China, India, Pakistan, and Afghanistan: An overview -- 6. Consequences of Lockdown due to COVID-19 on the Electricity Generation and Environment in South Asia -- 7. Integrating Wind and Solar in the Indian Power System -- 8. Decentralized Electrification Pathways in Sub-Saharan Africa - Assessment of Experiences and Business models -- 9. Identifying Effective Electrification Approaches and Combinations thereof to meet Universal Electricity Access Targets in Eastern Africa -- 10. Are Mini-grid Projects in Tanzania Financially Sustainable? -- 11. Establishing local power markets and enabling financial access to solar photovoltaic technologies: experiences in rural Tanzania.
|
| 526 |
|
|
|x Complimentary copy By Author,
Dr. Sebastian Groh Professor,
BRAC Business School (BBS).
|
| 541 |
|
|
|a Complimentary copy from Dr. Sebastian Groh Professor, BRAC Business School (BBS).
|e 44346
|
| 650 |
|
|
|a Renewable energy sources.
|
| 650 |
|
|
|a Renewable energy sources
|z Africa, Sub-Saharan.
|9 58072
|
| 650 |
|
|
|a Energy transition.
|9 58073
|
| 650 |
|
|
|a Electric utilities.
|
| 650 |
|
|
|a Energy policy.
|
| 650 |
|
|
|a Power resources.
|
| 700 |
|
|
|a Groh, Sebastian,
|d 1981-
|e [Editor] ;
|9 58067
|
| 700 |
|
|
|a Barner, Lukas,
|e [Editor] ;
|9 58063
|
| 700 |
|
|
|a Heinemann, Georg.
|e [Editor] ;
|9 58064
|
| 700 |
|
|
|a Hirschhausen, Christian von.
|e [Editor] ;
|9 58065
|
| 830 |
|
|
|a Energy Policy and Climate Protection
|9 58066
|
| 830 |
|
|
|a Energiepolitik und Klimaschutz
|9 58201
|
| 942 |
|
|
|2 ddc
|c BK
|
| 999 |
|
|
|c 47269
|d 47269
|
| 952 |
|
|
|0 0
|1 0
|2 ddc
|4 0
|6 333_790000000000000_ELE
|7 0
|9 77598
|a BRACUL
|b BRACUL
|c GEN
|d 2025-04-21
|e Complimentary copy from Dr. Sebastian Groh Professor, BRAC Business School (BBS).
|g 5603.00
|l 0
|o 333.79 ELE
|p 3010044346
|r 2025-04-21
|t 1
|w 2025-04-21
|y BK
|x Complimentary copy from Dr. Sebastian Groh Professor, BRAC Business School (BBS)..$46.15
|